| 000 | 01042nas a2200325 4500 | ||
|---|---|---|---|
| 001 | BR0808421 | ||
| 003 | BR-BrBNA | ||
| 005 | 20231205112848.0 | ||
| 007 | ta | ||
| 008 | 230509b bl.|||p| |||| 00| 00por d | ||
| 040 |
_aBR-BrBNA _bpor _cBiblioteca Nacional de Agricultura |
||
| 041 | _a(Pt) | ||
| 072 | _aL73 | ||
| 100 | 1 | _aLonardoni, M.V.C. | |
| 100 | 1 | _aBernal, F.H.Z. | |
| 100 | 1 | _aSilveira, T.G.V. | |
| 100 | 1 | _aAntunes, V. | |
| 100 | 1 | _aTeodoro, U. | |
| 100 | 1 | _aJorge, F.A. | |
| 100 | 1 | _aZanzarini, P.D. | |
| 245 | 1 | _aComparação entre imunofluorescência indireta e aglutinação direta para o diagnóstico sorológico da leishmaniose tegumentar americana em cães errantes | |
| 650 | _aCÃO | ||
| 650 | _aDOENÇA ANIMAL | ||
| 650 | _aSAÚDE PÚBLICA | ||
| 650 | _aPARASITO | ||
| 650 | _aPARANÁ | ||
| 773 | 0 |
_tArquivo Brasileiro de Medicina Veterinária e Zootecnia (Brazil) _xISSN 0102-0935 _g(Dec 2006), v. 58(6) p. 1001-1008 _wBR0808421 |
|
| 909 |
_a202311 _bLúcia _c55 _dLúcia Elande |
||
| 942 |
_2AGRIS _n0 _cANA |
||
| 999 |
_c200450 _d200450 |
||